Language Quiz

Random Language or Letter Quiz

Phrases That End and Begin the Same Quiz Stats

 Plays Quiz Updated Nov 21, 2018

Score 0/30 Timer 09:00
11 Plays Today
Clue Phrase % Correct
A non-citizen unlawfully living in a countryillegal alien
92.8%
Many believe one watches over each of us for protectionguardian angel
89.8%
This national symbol is found on the Canadian flagmaple leaf
85.4%
The 2nd amendment guarantees the right to do this in the USbear arms
84.7%
The heart or liver used in a transplant surgerydonor organ
80%
This is the Latin term for the college or school you attendedalma mater
78.5%
This is what you do manually in a manual transmissionchange gears
78.4%
This scary tale is often told around a campfire at nightghost story
78.3%
This is what class clowns do to disrupt classesgoof off
72.7%
Some coniferous trees have this green portion instead of a leafpine needle
69.6%
A marketing technique of making only a few of a special version of a productlimited edition
67.8%
The first of July, in Toronto, Vancouver and SaskatoonCanada Day
65.4%
A usually anonymous letter or phone call about impendingly killing a persondeath threat
65.3%
Environmentally-friendly power sources, like wind and solargreen energy
64.4%
This describes a password reader that cares about capital letterscase sensitive
63.3%
Clue Phrase % Correct
This line of longitude passes through Greenwich, Englandprime meridian
59.9%
This is the longest tributary of the MississippiMissouri River
57.9%
This is attached to the fob and the timepiecewatch chain
56.2%
A concussion is an example of this medical maladybrain injury
52.8%
She was the star of 'Murder, She Wrote' for 12 seasonsAngela Lansbury
49.4%
A country must export more or import fewer things to eliminate thistrade deficit
47%
This course usually arrives just before the sushi gets to the tablemiso soup
45.5%
A government-imposed maximum cost to buy a productprice ceiling
42.8%
The one of the Three Tenors who was raised in MexicoPlácido Domingo
39.4%
In science, this is what the Kelvin scale measuresabsolute temperature
39.2%
Fish-eating bird usually of the genus Haliaeetussea eagle
38.7%
This type of bunny has very long, soft hair used for clothingAngora rabbit
33.9%
Winner of more tennis top-level singles titles than any other playerMartina Navratilova
33.1%
The Hawaiian delicacy of poi is made out of this when mashedtaro root
23.7%
This specific part of speech can take a direct objecttransitive verb
16.7%

You're not logged in!

Compare scores with friends on all Sporcle quizzes.
OR
Log In

Sporcle TV

Today on Sporcle TV


Watch our educational content, quiz creation guides, and fun videos on Sporcle TV.

Show Comments

Extras

Top Quizzes Today


Score Distribution

Your Account Isn't Verified!

In order to create a playlist on Sporcle, you need to verify the email address you used during registration. Go to your Sporcle Settings to finish the process.

Report this User

Report this user for behavior that violates our Community Guidelines.

Details: